Musical Acts by State - New Mexico - Statistics

General Stats
  • This quiz has been taken 42 times
  • The average score is 3 of 30
Answer Stats
City/Town Songs Answer % Correct
Roswell Take Me Home, Country Roads | Rocky Mountain High John Denver
94%
Albuquerque New Slang | Simple Song The Shins
26%
Carlsbad The Ballad Of The Green Berets | The A Team Barry Sadler
20%
Raton Sugar Shack | Bottle Of Wine The Fireballs
17%
Albuquerque Freaxxx | Get Crunk Brokencyde
14%
Albuquerque Nothing Suits Me Like A Suit | My Eyes Neil Patrick Harris
9%
Dixon Mi Amigo | Sentimiento Al Hurricane
6%
Santa Fe Elephant Gun | Nantes Beirut
6%
? Cradle Song | Touch The Sweet Earth Sharon Burch
6%
Albuquerque The Snow In Kryvorivnya | God Bless The Ottoman Empire A Hawk and a Hacksaw
3%
Las Cruces Whiskey | If You Were A Cowboy Bri Bagwell
3%
Clovis God Of The Ages | Jesus, Only Jesus Charles Billingsley
3%
Farmington Broken Hearts | The Letter Chevel Shepherd
3%
Albuquerque Ride | Ghost Deepsky
3%
Albuquerque Teach Me How To Shuffle | Girl Wen U Dance DJ Roc
3%
Albuquerque Waiting For The Big One | Falling In & Out Of Love Femme Fatale
3%
Deming Country'd Look Good On You | Tequila Mockingbird Frank Ray
3%
Winston El Aguila Negra | Borracho Perdido Freddie Brown
3%
Artesia When It's Just You And Me | Shame Shame On Me (I Had Planned To Be Your Man) Kenny Dale
3%
Albuquerque Doce Rosas | Como, Cuando, y Porque Lorenzo Antonio
3%
Albuquerque Ando Buscando Un Amor | Mexico Americano Los Texmaniacs
3%
Santa Fe To Carry The Flame | Simia Dei Old Man Gloom
3%
Santa Fe Goth Star | Post Physical Pictureplane
3%
Taos Pueblo Courtship Song | Taos Summer Nights Robert Mirabal
3%
Hobbs Southside Of Heaven | The Weary Kind Ryan Bingham
3%
Albuquerque Memphis | Falling In Love Ryan McGarvey
3%
Farmington Say Goodbye | So Far Sleep
3%
Albuquerque El De Los Ojos Negros | El Corrido De Juanito Sparx
3%
Albuquerque Destroy | Six Years The Eyeliners
3%
Albuquerque Someday-Plight Of The Redman | I Was Raised XIT
3%
No matching quizzes found
Score Distribution
Percent of People with Each Score
Percentile by Number Answered
Your Score History
You have not taken this quiz